| 000 | 00745 a2200229 4500 | ||
|---|---|---|---|
| 003 | UA-OsUOA | ||
| 005 | 20260508151005.0 | ||
| 008 | 260508b un ||||| |||| 00| 0 ukr d | ||
| 022 | _a00085006 | ||
| 040 |
_aUA-OsUOA _beng _cUA-OsUOA _dUA-OsUOA |
||
| 041 | _aeng | ||
| 080 | _a050 | ||
| 090 |
_a050 _bC19 |
||
| 245 |
_aCanadian Slavonic Papers _nVol. XXVII, No. 3, September 1985 |
||
| 246 | _nRevue Canadienne des Slavistes | ||
| 260 |
_bCanadian Slavonic Papers _c1985 _aNew York |
||
| 300 | _a242-364 p. | ||
| 650 |
_2UDC _a050 Серіальні видання. Періодика _93723 |
||
| 942 |
_cBK _2udc |
||
| 955 | _a4 | ||
| 999 |
_c580678 _d580678 |
||